Architektonická prestavba závodov všeobecného strojárstva : Kandidátska dizertačná práca /

Salvato in:
Dettagli Bibliografici
Autore principale: Masaryk, Ján (Autore)
Altri autori: Mičinský, Ľudovít (Relatore della tesi)
Natura: Manoscritto Libro
Lingua:slovacco
Pubblicazione: Bratislava : Fakulta architektúry SVŠT, 1986
Soggetti:
Tags: Aggiungi Tag
Nessun Tag, puoi essere il primo ad aggiungerne!!

MARC

LEADER 00000ntm a22000003a 4500
001 0115246
003 SK-STU
005 20250507112709.0
007 ta
008 250507s2025----xo-----f-mn---000-0-slo-d
040 |a STU  |b slo 
041 0 |a slo 
044 |a xo  |c SK 
100 1 |a Masaryk, Ján  |4 aut 
245 1 0 |a Architektonická prestavba závodov všeobecného strojárstva :  |b Kandidátska dizertačná práca /  |c aut. Ján Masaryk ; škol. Ľudovít Mičinský 
260 |a Bratislava :  |b Fakulta architektúry SVŠT,  |c 1986 
300 |a 176 s. 
650 0 7 |a priemyselné stavby 
650 0 7 |a priemyselný areál 
650 0 7 |a architektúra a urbanizmus 
650 0 7 |a prestavba budov 
650 0 7 |a rekonštrukcie budov 
650 0 7 |a industriálna zóna 
650 0 7 |a brownfield transformations 
650 0 7 |a Tatra Bánovce 
700 1 |a Mičinský, Ľudovít  |4 ths 
996 |b 284AU10332  |c A* 243/V  |l AAKNST  |s P  |a 0  |w 0115246_0001